000 nam a22 7a 4500
999 _c15774
_d15774
008 161104b xxu||||| |||| 00| 0 eng d
020 _a9780072491999
050 _aHQ 796 .S26 2003
100 _aSantrqck John W.
_d2003
245 _aAdolescence
_cJohn W. Santrock
250 _a9th ed
260 _aBoston
_bMcGraw Hill
_c2003
300 _axxxii,473p
_bincludes bibliographical references and indexes
650 _2Adolescence
942 _2lcc
_cBOOKS
_hHQ 796 .S26 2003
_k27490